000 00813nam a22002297a 4500
999 _c8588
_d8588
003 AR-CdUCM
008 190312b ||||| |||| 00| 0 spa d
040 _aMUNICIPALIDAD PROVINCIAL DEL CUSCO
_cBIBLIOTECA MUNICIPAL DEL CUSCO
082 _22ed.
_a918.508 /
_bD85.
110 _aDocumental del Perú
_916724
245 _aDocumental del Perú :
_bdepartamento de Puno /
260 _aLima :
_bIoppe,
_c1972.
300 _a158 páginas ;
_bIlustraciones en color y b/n.
_c21 cm.
505 _aContenido: Puno -- Turismo -- Folklore -- Historia -- Cultura e Instituciones -- Producción y desarrollo...
650 _aTurismo
_94560
650 _aHistoria
_9246
650 _aGuía Turística
_916725
650 _aPuno.
_93897
700 _aCortazar, Pedro Felipe
_923946
942 _2ddc
_cLIBROS
945 _awfj